| 000 | 01161nam a22003377a 4500 | ||
|---|---|---|---|
| 003 | CHAP | ||
| 005 | 20220329135058.0 | ||
| 008 | 971013s1973 r 00010 d | ||
| 010 | _a30594 | ||
| 011 | _a31566 | ||
| 035 | _a35678 | ||
| 040 | _cCHAP | ||
| 090 | _aTesis | ||
| 100 | 0 | 0 |
_aMarenco Cardenal, José. _971325 |
| 245 | _aEvaluación de un sintético F1 de alfalfa (Medicago Sativa L.), y sus variedades progenitoras en Apodaca, N.L. 1970-1972 | ||
| 260 |
_aMonterrey, N.L. : _bEl autor, _c1973 |
||
| 300 | _a90 h | ||
| 502 | _aTesis (Ing. Agrónomo Fitotecnista) -- ITESM. Div. de Ciencias Agropecuarias y Marítimas | ||
| 590 |
_aALEPH _b10 _c20130110 _lUCH01 _h1252 |
||
| 590 |
_aBATCH-UPD _b10 _c20130110 _lUCH01 _h0052 |
||
| 590 |
_aBATCH-UPD _b10 _c20130110 _lUCH01 _h1309 |
||
| 590 |
_aBATCH-UPD _b10 _c20130409 _lUCH01 _h2040 |
||
| 590 |
_aBATCH-UPD _b10 _c20130914 _lUCH01 _h0250 |
||
| 590 |
_aCONVERSION _b10 _c20130109 _lUCH01 _h1317 |
||
| 650 | 1 | 4 |
_aAlfalfa como forraje. _93899 |
| 650 | 1 | 4 |
_aAlfalfa _xRendimiento. _93887 |
| 650 | 1 | 4 |
_aAlfalfa _xVariedades. _93893 |
| 901 | _aBK | ||
| 942 | _cTESIS | ||
| 949 |
_bBC _cTES _d-82554 _eTS1 _i35678 _si |
||
| 999 |
_c30594 _d30594 |
||